000 00628nam a2200181 i 4500
001 39696
003 ES-MaACL
005 20231218195621.0
007 t|
008 030304s1956 sp ||||1| spa d
100 1 _aCampo Alange, María Laffitte,
_cCondesa de,
_d1902-1986
_934205
245 1 0 _aMi niñez y su mundo
_b: (1907-1917) /
_cCondesa de Campo Alange.
260 _aMadrid :
_bRevista de Occidente,
_c[1956] (
_fVda. de Galo Sáez)
300 _a340 p., 9 lám. ;
_c20 cm.
600 1 4 _aCampo Alange, María Laffitte,
_cCondesa de,
_d1902-1986
_934205
852 _aES-MaACL
_jC-10561
999 _c39696
_d39696